000 01118nam a22002657a 4500
001 0000000773
003 PPM
005 20251208094249.0
008 251208b ||||| |||| 00| 0 eng d
020 _cRM 80.50
_qHardback
035 _a0000000773
040 _aPPM
_bEng
_cPusat Penyelidikan Mineral, Jabatan Mineral Dan Geosains Malaysia
_dPPM
_erda
082 0 0 _219
_a669
_bAGG 1977
111 2 _a International Symposium on Agglomeration (2nd : 1977 )
_cAtlanta, Ga.
245 1 4 _aAgglomeration 77 : Volume 2 - Proceedings Of The 2nd International Symposium On Agglomeration, Atlanta, Ga., March 6 - 10, 1977 /
_cedited by K. V. S. Sastry
260 1 _aNew York :
_bAmerican Institute of Mining, Metallurgical, and Petroleum Engineers,
_c1977
300 0 0 _axii, 1070 pages .:
_bgraph, illustrations .;
_c23 cm
504 _a Includes bibliographical references and indexes
650 1 0 _aMetallurgy
_xCongresses
650 2 0 _aAgglomeration
_xCongresses
700 1 _aSastry, K. V. S.
_eeditor
710 2 _aSociety of Mining Engineers of AIME.
710 2 _aIron and Steel Society of AIME.
942 _2ddc
_cBK
999 _c27038
_d27038